Retrouve le chanteur, chanteuse, groupe #4 - Statistiques

Statistiques générales
  • Ce quiz a été pris 404 fois
    234 depuis la dernière actualisation
  • Le résultat moyen est 19 sur 53
Statistiques - réponses
Hint Année de sortie Titres Réponse % Correct
7 2013 Bella Gims
87%
30 1988 Allumez le feu Johnny Hallyday
79%
3 1985 Je te donne Jean Jacques Goldman
73%
26 1985 Elle a les yeux revolvers Marc Lavoine
70%
37 2020 La grenade Clara Luciani
66%
13 1991 Désenchantée Mylène Farmer
66%
25 2014 Clown Soprano
66%
11 1967 Emmenez moi Charles Aznavour
64%
43 1972 Le lundi au soleil Claude François
61%
1 2016 Un homme debout Claudio Capeo
61%
22 2017 Chocolat Lartiste
58%
8 2017 À nos souvenirs Trois cafés gourmand
54%
4 2008 Halo Beyoncé
53%
50 2021 Anissa Wejdene
52%
35 1996 Je t'aime Lara Fabian
49%
10 2016 Can't stop the feeling Justin Timberlake
48%
2 2007 Fou ta cagoule Michael Youn
45%
5 2005 Temperature Sean Paul
45%
23 2007 Je fais de toi mon essentiel Emmanuel Moire
43%
46 2014 Le graal Kyo
43%
18 2016 Toujours debout Renaud
43%
28 2022 Clic Clic Pan pan Yanns
43%
32 2008 L'effet Papillon Benabar
39%
24 2008 Comme des enfants Coeur de pirate
36%
15 2015 Stay with me Sam Smith
36%
27 2011 Price Tag Jessie J
34%
51 2019 Dance monkey Tones and I
34%
12 2012 Ma direction Sexion d'assault
32%
6 2018 Kid Eddy de Pretto
31%
33 2017 Million eyes Loïc Nottet
31%
48 2013 La vie du bon côté Keen V
30%
40 2002 Without me Eminem
29%
53 2017 Folie arcadienne Arcadian
27%
29 1987 I Wanna dance with somebody Whitney Houston
27%
44 2015 Lush Life Zara Larsson
26%
31 2021 ABCDEFU Gayle
24%
45 1985 Running up that hill Kate Bush
23%
9 2019 L'effet de masse Maëlle
23%
19 1961 Can't helps falling in love Elvis Presley
22%
38 2022 Première amour Nour
20%
36 2014 Saint claude Christine and the queens
19%
20 2022 Build a bitch Bella Poarch
10%
41 1965 Like a rolling stone Bob Dylan
9%
42 2007 Pourquoi les hommes Vitaa
6%
52 2019 Donnez moi Les frangines
5%
49 2021 J'ai encore rêvé de toi Ogee
5%
39 2021 A qui dire qu'on est seul Pascal Obispo
5%
21 2009 Addictions Superbus
5%
14 2012 Juste pour me souvenir Nolwenn Leroy
4%
34 2019 Je chanterai Erza Muqoli
2%
17 2008 J'ai pas les mots Grand corps malade
1%
47 2019 Au delà Nilusi
1%
16 2019 Angels Tom Walker
0%
Aucun quiz correspondant
Distribution des résultats
% des personnes avec chaque résultat
Percentile par nombre de réponses
Votre historique - résultats
Vous n’avez pas pris ce quiz depuis la dernière actualisation